• 首页
  • 本馆介绍
  • 公告通知
  • 最新文献
  • 馆藏检索
  • 电子资源
  • 读者导购
  • 参考咨询
  • 我的图书馆
  • 登录
  • 详细信息显示
  • 放入我的书架
  • 预约/预借图书
  • 作者相关作品
  • 分类相关作品
  • 丛书相关作品
  • 出版社相关作品

书目信息

  • 表格格式
  • 工作单格式
  • 卡片格式
题名:
照片的制作技艺与翻摄
    
 
作者: 陈石林 著
分册:  
出版信息:   中国摄影出版社  1997
页数: 141页
开本: 20cm
丛书名:
单 册:
中图分类: TB88
科图分类:
主题词: 摄影--洗印--技术
电子资源:
ISBN: 7-80007-169-3
000 00529nam0 2200181 450
001 0735592734
005 20070906095312.73
010    @a7-80007-169-3@d¥13.50
100    @a20070906d km y0chiy0120 ea
101 0  @achi
200 1  @a照片的制作技艺与翻摄@Azhao pian de zhi zuo ji yi yu fan she@f陈石林著@Fchen shi lin zhu
210    @c中国摄影出版社@d1997
215    @a141页@d20cm
606 0  @a摄影@x洗印@x技术
690    @aTB88@v3
701  0 @a陈石林@Achen shi lin@4著
801  0 @aCN@bPFT@c20070906
905    @a213230@dTB88@eP24@f1
    
    照片的制作技艺与翻摄/陈石林著.-中国摄影出版社,1997
    141页;20cm
    
    
    ISBN 7-80007-169-3:¥13.50
    
●
相关链接 在E读中查询图书 在五车中查询图书 在当当中查询图书 在豆瓣中查询图书


正题名:照片的制作技艺与翻摄     索取号:TB88/P24         预约/预借

序号 登录号 条形码 馆藏地/架位号 状态 备注
1 7200582   272005821   密集书库-物理学院/ [索取号:TB88/P24] 在馆    
2 7200583   272005830   密集书库-物理学院/ [索取号:TB88/P24] 在馆    
唐山师范学院图书馆 欢迎您!
大连网信软件有限公司© 版权所有